| 000 | 01116cam a2200301 a 4500 | ||
|---|---|---|---|
| 001 | 16570284 | ||
| 005 | 20170105102347.0 | ||
| 008 | 101207s2011 caua b 001 0 eng | ||
| 010 | _a 2010048923 | ||
| 020 | _a9780787982973 (pbk.) | ||
| 040 |
_aDLC _cDLC _dDLC |
||
| 042 | _apcc | ||
| 050 | 0 | 0 |
_aLB1028.38 _b.A46 2011 |
| 082 | 0 | 0 |
_a371.3 _222 |
| 100 | 1 |
_aAllen, Michael W., _d1946- |
|
| 245 | 1 | 0 |
_aSuccessful e-learning interface : making learning technology polite, effective, and fun _cMichael W. Allen. |
| 260 |
_aSan Francisco, CA : _bPfeiffer, _cc2011. |
||
| 300 |
_axvi, 224 p. : _bill. ; _c24 cm. |
||
| 490 | 0 | _aMichael Allen's e-learning library | |
| 490 | 0 | _aPfeiffer essential resources for training and HR professionals | |
| 504 | _aIncludes bibliographical references and index. | ||
| 650 | 0 |
_aInstructional systems _xDesign. |
|
| 650 | 0 | _aEducational technology. | |
| 650 | 0 | _aUser interfaces (Computer systems) | |
| 906 |
_a7 _bcbc _corignew _d1 _eecip _f20 _gy-gencatlg |
||
| 942 |
_2ddc _cBK |
||
| 999 |
_c11750 _d11750 |
||